000 01131nac a22003017a 4500
001 BR7801810
003 BR-BrBNA
005 20240105114219.0
008 230509b bl.|||m| |||| 00| 0 por d
040 _aBR-BrBNA
_bpor
_cBiblioteca Nacional de Agricultura
072 _aE30; E10; E15
090 _aE30 BR7801810
110 1 _aPrograma de Investimentos Integrados para o Setor Agropecuario do Rio Grande do Sul, Porto Alegre (Brasil)
_97968
245 1 _aOs perfis do setor no ano-meta das alternativas (Politica economica; Produtividade; Estrutura fundiaria; Rio Grande do Sul; Brasil]
260 3 _aPorto Alegre, RS (Brasil):
_c1978.
300 _a370 p.
490 _aProgramacao Agropecuaria - Programa de Investimentos Integrados para o Setor Agropecuario (Brazil)
_vv. 2
_x
500 _aNumerical data
650 _aPolitica agricola
650 _aMacroeconomia
650 _aMicroeconomia
650 _aPolitica economica
650 _aDesenvolvimento agricola
650 _aEstrutura agraria
650 _aRio Grande do Sul
909 _a202312
_bLúcia Elande
_c55
_dLúcia Elande
942 _2AGRIS
_n0
_cMS
999 _c268054
_d268054